000
00296nam a22001337a 4500
003
SGT
020
_a
978935852531
082
_a
920
_b
L24Q
100
_a
QURESHI, H.A.
245
_a
THE LOST HERO OF BANARAS :BABU JAGAT SINGH
260
_b
PRIMUS BOOKS
_c
2024
300
_a
319
942
_2
ddc
_c
BK
999
_c
32050
_d
32050